000 002410000a22000970004500
100 1 _aAthyal, Saphir
245 1 0 _aThe Old Testament contextualisations
300 _aNúm 80 (1997), Páginas 8-9
773 0 _tWorld Evangelization
942 _cANA
999 _c57496
_d57496